[Event "GER-chT Lands U20"]
[Site "Hannover"]
[Date "2014.10.04"]
[Round "3.2"]
[White "Spaet, Alexander"]
[Black "Heinemann, Josefine"]
[Result "1/2-1/2"]
[WhiteElo "2014"]
[BlackElo "2021"]
[PlyCount "107"]
[EventDate "2014.10.03"]
[EventType "team-swiss"]
[EventRounds "7"]
[EventCountry "GER"]
[SourceTitle "CBM 162 Extra"]
[Source "ChessBase"]
[SourceDate "2014.10.17"]
[SourceVersion "1"]
[SourceVersionDate "2014.10.17"]
[SourceQuality "1"]
[WhiteTeam "Hamburg"]
[BlackTeam "Sachsen Anhalt"]
[WhiteTeamCountry "GER"]
[BlackTeamCountry "GER"]

1. e4 c5 2. Nf3 e6 3. d4 cxd4 4. Nxd4 Nc6 5. Nc3 Qc7 6. f4 a6 7. Nxc6 Qxc6 8. Bd3 b5 9. Qe2 Bb7 10. Bd2 Bc5 11. 0-0-0 Ne7 12. Rhf1 0-0-0 13. Qg4 g6 14. Qh3 f5 15. Rde1 Kb8 16. Kb1 Nc8 17. g4 b4 18. Nd1 fxe4 19. Bxe4 d5 20. Bg2 Nb6 21. b3 Rc8 22. Qd3 Rhe8 23. Be3 a5 24. Rf2 Ka7 25. Qd2 a4 26. Nb2 Ba6 27. Bxc5 Qxc5 28. Bf1 axb3 29. axb3 Bxf1 30. Rfxf1 Qa5 31. Qd4 Qc5 32. Qxc5 Rxc5 33. Nd3 Rcc8 34. Nxb4 Nd7 35. Nd3 Nf6 36. Ne5 Ne4 37. Kb2 Rc7 38. h4 Rec8 39. c4 Nd2 40. Ra1+ Kb7 41. Rf2 dxc4 42. bxc4 Nxc4+ 43. Nxc4 Rxc4 44. Re1 R8c6 45. Re3 Kc7 46. Rff3 Kd7 47. Kb3 Rc1 48. Kb2 R6c2+ 49. Kb3 Rh2 50. f5 gxf5 51. gxf5 exf5 52. Rxf5 Rxh4 53. Rd5+ Kc6 54. Ree5 1/2-1/2

[Event "Bargteheide op"]
[Site "Bargteheide"]
[Date "2014.05.29"]
[Round "1"]
[White "Spaet, Alexander"]
[Black "Ritscher, Jan Paul"]
[Result "1/2-1/2"]
[WhiteElo "1988"]
[BlackElo "2317"]
[PlyCount "67"]
[EventDate "2014.05.29"]
[EventType "swiss"]
[EventRounds "7"]
[EventCountry "GER"]
[SourceTitle "CBM 160 Extra"]
[Source "ChessBase"]
[SourceDate "2014.07.01"]
[SourceVersion "1"]
[SourceVersionDate "2014.07.01"]
[SourceQuality "1"]

1. e4 Nf6 2. e5 Nd5 3. g3 d6 4. exd6 Qxd6 5. Bg2 Nc6 6. Ne2 Bf5 7. Nbc3 Nxc3 8. bxc3 e5 9. Rb1 b6 10. d4 Rd8 11. Rb5 Be6 12. 0-0 Be7 13. Ba3 Qxa3 14. Bxc6+ Bd7 15. Bxd7+ Rxd7 16. Rxe5 Qxa2 17. Nf4 f6 18. Re3 0-0 19. Ne6 Rf7 20. Qe2 a5 21. c4 g6 22. Nf4 a4 23. Nd5 Rxd5 24. cxd5 Bd6 25. c4 Qxe2 26. Rxe2 Rf8 27. Rc1 Ra8 28. f4 a3 29. c5 bxc5 30. dxc5 Bxc5+ 31. Rxc5 a2 32. Rxa2 Rxa2 33. Rxc7 Rd2 34. Rd7 1/2-1/2

[Event "Oberliga Nord N 1314"]
[Site "Germany"]
[Date "2014.01.12"]
[Round "8.8"]
[White "Seidel, Knut"]
[Black "Spaet, Alexander"]
[Result "1-0"]
[WhiteElo "2197"]
[BlackElo "1993"]
[PlyCount "69"]
[EventDate "2013.10.13"]
[EventType "team-tourn"]
[EventRounds "9"]
[EventCountry "GER"]
[SourceTitle "EXT 2015"]
[Source "ChessBase"]
[SourceDate "2014.11.20"]
[SourceVersion "1"]
[SourceVersionDate "2014.11.20"]
[SourceQuality "1"]
[WhiteTeam "Hamburg SF"]
[BlackTeam "Hamburg Koenigsspringer"]
[WhiteTeamCountry "GER"]
[BlackTeamCountry "GER"]

1. d4 d5 2. Nf3 Nf6 3. c4 c6 4. Nc3 dxc4 5. a4 Bf5 6. e3 e6 7. Bxc4 Bb4 8. 0-0 Nbd7 9. Nh4 Bg6 10. f4 Be4 11. f5 Bd5 12. Bd3 0-0 13. fxe6 Bxe6 14. Nf5 c5 15. Qf3 Qb6 16. d5 Bxf5 17. Bxf5 c4 18. Kh1 Ne5 19. Qg3 Nd3 20. Bd2 Rfe8 21. Bxd3 cxd3 22. e4 Nxe4 23. Nxe4 Rxe4 24. Bxb4 Rxb4 25. Qxd3 Rd8 26. Rad1 Rxb2 27. Rf4 Qb3 28. Qf1 f6 29. Rfd4 Ra2 30. Qe1 Rxa4 31. Qe6+ Kf8 32. Re1 Rxd4 33. Qe7+ Kg8 34. Qxd8+ Kf7 35. Qe8# 1-0

[Event "GER-chT U16"]
[Site "Lingen"]
[Date "2013.12.30"]
[Round "7.1"]
[White "Spaet, Alexander"]
[Black "Oberhofer, Cedric"]
[Result "1/2-1/2"]
[WhiteElo "1987"]
[BlackElo "2015"]
[PlyCount "131"]
[EventDate "2013.12.27"]
[EventType "team-swiss"]
[EventRounds "7"]
[EventCountry "GER"]
[SourceTitle "EXT 2015"]
[Source "ChessBase"]
[SourceDate "2014.11.20"]
[SourceVersion "1"]
[SourceVersionDate "2014.11.20"]
[SourceQuality "1"]
[WhiteTeam "Koenigsspringer"]
[BlackTeam "Regensburg"]
[WhiteTeamCountry "GER"]
[BlackTeamCountry "GER"]

1. e4 c5 2. Nf3 d6 3. d4 cxd4 4. Qxd4 Nc6 5. Bb5 Bd7 6. Bxc6 Bxc6 7. Nc3 Nf6 8. Bg5 e6 9. 0-0-0 Be7 10. Rhe1 0-0 11. Kb1 Qa5 12. Qd2 Kh8 13. Nd4 Rfd8 14. f3 Rac8 15. h4 a6 16. g4 b5 17. Rg1 b4 18. Nce2 Be8 19. Ng3 Qc7 20. Nh5 Nxh5 21. gxh5 d5 22. e5 Qc5 23. Bf6 Bxf6 24. exf6 g5 25. Rxg5 Ba4 26. b3 e5 27. Rg7 Qxd4 28. Qxd4 exd4 29. bxa4 Rf8 30. Rxd4 Rc6 31. Rf4 h6 32. Rf5 Rd6 33. Kb2 Rd7 34. a5 d4 35. Kb3 Rb8 36. Kc4 Rc8+ 37. Rc5 Rxc5+ 38. Kxc5 Rc7+ 39. Kxb4 Rxc2 40. Rxf7 Rxa2 41. Ra7 Kg8 42. Rxa6 d3 43. Rd6 d2 44. Kb5 Rb2+ 45. Kc6 Ra2 46. Kb6 Kf7 47. a6 Rb2+ 48. Kc7 Ra2 49. Kb7 Rb2+ 50. Kc6 Ra2 51. Kb5 Rb2+ 52. Kc6 Ra2 53. Kd7 d1Q 54. Rxd1 Rxa6 55. Rd6 Ra5 56. Rd4 Rf5 57. Rg4 Rxf3 58. Rg6 Rxf6 59. Rxf6+ Kxf6 60. Ke8 Kg7 61. Ke7 Kh7 62. Kf7 Kh8 63. Kg6 Kg8 64. Kxh6 Kh8 65. Kg6 Kg8 66. h6 1/2-1/2

[Event "GER-chT U16"]
[Site "Lingen"]
[Date "2013.12.29"]
[Round "5.1"]
[White "Spaet, Alexander"]
[Black "Grigorian, Spartak"]
[Result "0-1"]
[WhiteElo "1987"]
[BlackElo "2172"]
[PlyCount "98"]
[EventDate "2013.12.27"]
[EventType "team-swiss"]
[EventRounds "7"]
[EventCountry "GER"]
[SourceTitle "EXT 2015"]
[Source "ChessBase"]
[SourceDate "2014.11.20"]
[SourceVersion "1"]
[SourceVersionDate "2014.11.20"]
[SourceQuality "1"]
[WhiteTeam "Koenigsspringer"]
[BlackTeam "Wildeshausen"]
[WhiteTeamCountry "GER"]
[BlackTeamCountry "GER"]

1. e4 c5 2. Nf3 e6 3. c3 Nf6 4. e5 Nd5 5. d4 cxd4 6. cxd4 d6 7. a3 Nc6 8. Bd3 Be7 9. 0-0 0-0 10. Qe2 Bd7 11. Nc3 dxe5 12. dxe5 Nxc3 13. bxc3 Qc7 14. Qe4 g6 15. Re1 Rfd8 16. Ng5 Qxe5 17. Qxe5 Nxe5 18. Rxe5 f6 19. Re1 fxg5 20. Be3 Bf6 21. Rac1 b6 22. Ba6 Kf7 23. Bd4 Bc6 24. Be5 Bxe5 25. Rxe5 Rd5 26. Rce1 Rxe5 27. Rxe5 Kf6 28. Re1 Rd8 29. f3 h5 30. Kf2 Rd2+ 31. Re2 Rd1 32. Re1 Rd6 33. Re3 Bd5 34. c4 Bc6 35. Ke2 g4 36. fxg4 hxg4 37. h3 Bxg2 38. hxg4 Bc6 39. Bc8 Bd7 40. Bb7 Rd4 41. Re4 Rxe4+ 42. Bxe4 Kg5 43. Kd3 e5 44. c5 Bb5+ 45. Kc3 bxc5 46. Kb3 a5 47. a4 Be2 48. Kc3 c4 49. Bc2 Bd3 0-1

[Event "GER-chT North U16"]
[Site "Greifswald"]
[Date "2013.09.13"]
[Round "3.1"]
[White "Beeck, Mats"]
[Black "Spaet, Alexander"]
[Result "1/2-1/2"]
[WhiteElo "1839"]
[BlackElo "2019"]
[PlyCount "108"]
[EventDate "2013.09.12"]
[EventType "team-swiss"]
[EventRounds "7"]
[EventCountry "GER"]
[SourceTitle "EXT 2014"]
[Source "ChessBase"]
[SourceDate "2013.11.20"]
[SourceVersion "1"]
[SourceVersionDate "2013.11.20"]
[SourceQuality "1"]
[WhiteTeam "Kiel Doppelbauer"]
[BlackTeam "Hamburg Koenigsspringer"]
[WhiteTeamCountry "GER"]
[BlackTeamCountry "GER"]

1. d4 d5 2. c4 c6 3. Nf3 Nf6 4. Nc3 dxc4 5. a4 Bf5 6. e3 e6 7. Bxc4 Bb4 8. 0-0 Nbd7 9. Nh4 Bg6 10. Nxg6 hxg6 11. Qe2 Qc7 12. f4 Bxc3 13. bxc3 Ne4 14. Qc2 Nd6 15. Bd3 c5 16. Ba3 cxd4 17. cxd4 Qxc2 18. Bxc2 Nc4 19. Bc1 0-0 20. Bd3 Rfc8 21. Rb1 Rab8 22. Rf2 a6 23. Rc2 b5 24. Kf2 Kf8 25. axb5 axb5 26. Rb4 Nd6 27. Rxc8+ Rxc8 28. Rb1 Ke8 29. Bd2 Nc4 30. Be1 Rb8 31. Ke2 Kd8 32. Rb4 Nd6 33. e4 Kc7 34. e5 Nf5 35. g4 Ne7 36. Rxb5 Rxb5 37. Bxb5 Nd5 38. Bd2 Kd8 39. Kf3 Ke7 40. Bd3 Nb8 41. Bb5 Nd7 42. h4 N7b6 43. Bc1 Nc3 44. Ba3+ Kd8 45. Bd3 Nbd5 46. Bf8 Ke8 47. Bxg7 Nb4 48. Be4 Nxe4 49. Kxe4 f5+ 50. gxf5 gxf5+ 51. Kf3 Kf7 52. Bf6 Kg6 53. Ke2 Kh5 54. Bg5 Kg4 1/2-1/2

[Event "GER-chT North U16"]
[Site "Greifswald"]
[Date "2013.09.13"]
[Round "4.1"]
[White "Spaet, Alexander"]
[Black "Voege, Tobias"]
[Result "1/2-1/2"]
[WhiteElo "2019"]
[BlackElo "2043"]
[PlyCount "118"]
[EventDate "2013.09.12"]
[EventType "team-swiss"]
[EventRounds "7"]
[EventCountry "GER"]
[SourceTitle "EXT 2014"]
[Source "ChessBase"]
[SourceDate "2013.11.20"]
[SourceVersion "1"]
[SourceVersionDate "2013.11.20"]
[SourceQuality "1"]
[WhiteTeam "Hamburg Koenigsspringer"]
[BlackTeam "Stade"]
[WhiteTeamCountry "GER"]
[BlackTeamCountry "GER"]

1. e4 c5 2. Nf3 Nc6 3. Bb5 g6 4. Bxc6 bxc6 5. 0-0 Bg7 6. Re1 Nf6 7. e5 Nd5 8. c4 Nc7 9. d4 cxd4 10. Qxd4 0-0 11. Qh4 Ne6 12. Bh6 f6 13. Bxg7 Kxg7 14. Nc3 fxe5 15. Nxe5 Rf4 16. Qg3 Qf8 17. Rad1 d6 18. Nxc6 Rxc4 19. Na5 Rc5 20. b4 Rg5 21. Qh4 Qf6 22. Qe4 Qxc3 23. Qxa8 Nf4 24. Rxe7+ Kh6 25. Qxa7 Rxg2+ 26. Kf1 Ba6+ 27. Qxa6 Qf3 28. Rxh7+ Kxh7 29. Qb7+ Qxb7 30. Nxb7 Rxh2 31. Ke1 Ng2+ 32. Ke2 Rh4 33. b5 Ra4 34. Rd2 Nf4+ 35. Ke3 Ng2+ 36. Kd3 d5 37. Nc5 Rb4 38. a4 Nf4+ 39. Ke3 g5 40. Nd3 Re4+ 41. Kf3 Rxa4 42. Nxf4 Rxf4+ 43. Kg3 Rb4 44. Rxd5 Kg6 45. Kf3 Kf6 46. Ke3 g4 47. Kd3 Ke6 48. Rh5 Kd6 49. Rh6+ Kc7 50. b6+ Kb7 51. Rg6 Rf4 52. Ke3 Rf3+ 53. Ke2 Rf4 54. Kf1 Ka6 55. Kg2 Kb7 56. Re6 Ka6 57. Kg3 Rf3+ 58. Kg2 Rf4 59. Rg6 Kb7 1/2-1/2

[Event "Norderstedt op"]
[Site "Norderstedt"]
[Date "2013.03.29"]
[Round "3"]
[White "Spaet, Alexander"]
[Black "Leisner, Hannes"]
[Result "1-0"]
[WhiteElo "1914"]
[BlackElo "2214"]
[PlyCount "105"]
[EventDate "2013.03.28"]
[EventType "swiss"]
[EventRounds "9"]
[EventCountry "GER"]
[SourceTitle "EXT 2015"]
[Source "ChessBase"]
[SourceDate "2014.11.20"]
[SourceVersion "1"]
[SourceVersionDate "2014.11.20"]
[SourceQuality "1"]

1. e4 c5 2. b3 g6 3. Bb2 Nf6 4. Qf3 Bg7 5. e5 Ng8 6. e6 Nf6 7. exf7+ Kxf7 8. g4 h6 9. Nc3 Nc6 10. 0-0-0 Nd4 11. Qg2 d6 12. Bc4+ Be6 13. Bxe6+ Nxe6 14. Nge2 Qc7 15. f4 Qc6 16. Qf1 Ke8 17. f5 gxf5 18. Qxf5 Nf8 19. Rde1 Kd8 20. Nf4 e5 21. Nh5 Nxh5 22. Qxh5 Qe8 23. Qf5 Qd7 24. Nd5 Qxf5 25. gxf5 h5 26. Rhg1 Bh6 27. Ref1 Kd7 28. Kd1 Kc6 29. c4 b5 30. Ke2 bxc4 31. bxc4 Rb8 32. Bc3 Rb7 33. Kd3 Rf7 34. h4 Nd7 35. Rg6 Nf8 36. Rgg1 Nd7 37. Rg6 Nf8 38. Rf6 Rxf6 39. Nxf6 Bf4 40. Rg1 Rh6 41. Nd5 Nd7 42. Nxf4 exf4 43. Rg6 Rh7 44. Ke4 Nf8 45. Rg7 f3 46. Kxf3 d5 47. cxd5+ Kxd5 48. Rxh7 Nxh7 49. Bg7 a5 50. Ke3 c4 51. d3 cxd3 52. Kxd3 a4 53. a3 1-0

[Event "Norderstedt op"]
[Site "Norderstedt"]
[Date "2013.03.29"]
[Round "2"]
[White "Stabolewski, Andreas"]
[Black "Spaet, Alexander"]
[Result "1/2-1/2"]
[WhiteElo "2205"]
[BlackElo "1914"]
[PlyCount "48"]
[EventDate "2013.03.28"]
[EventType "swiss"]
[EventRounds "9"]
[EventCountry "GER"]
[SourceTitle "EXT 2015"]
[Source "ChessBase"]
[SourceDate "2014.11.20"]
[SourceVersion "1"]
[SourceVersionDate "2014.11.20"]
[SourceQuality "1"]

1. c4 e5 2. Nc3 Nf6 3. Nf3 Nc6 4. a3 g6 5. g3 Bg7 6. Bg2 0-0 7. 0-0 d6 8. d3 Nh5 9. Nd5 Ne7 10. Bg5 f6 11. Bd2 c6 12. Nxe7+ Qxe7 13. Qc1 Be6 14. Rb1 Rac8 15. Bh6 d5 16. Bxg7 Nxg7 17. c5 Nf5 18. b4 e4 19. Ne1 Bf7 20. Qb2 Rfe8 21. e3 exd3 22. Nxd3 Ng7 23. Rfe1 Ne6 24. Rbd1 Rcd8 1/2-1/2

[Event "Oberliga Nord N 1213"]
[Site "Germany"]
[Date "2012.10.14"]
[Round "1.8"]
[White "Spaet, Alexander"]
[Black "Kuehl, Klaus Dieter"]
[Result "1-0"]
[WhiteElo "1893"]
[BlackElo "2057"]
[PlyCount "93"]
[EventDate "2012.10.14"]
[EventType "team-tourn"]
[EventRounds "9"]
[EventCountry "GER"]
[SourceTitle "EXT 2015"]
[Source "ChessBase"]
[SourceDate "2014.11.20"]
[SourceVersion "1"]
[SourceVersionDate "2014.11.20"]
[SourceQuality "1"]
[WhiteTeam "Koenigsspringer"]
[BlackTeam "Schwarzenbek"]
[WhiteTeamCountry "GER"]
[BlackTeamCountry "GER"]

1. e4 c6 2. d4 d5 3. f3 dxe4 4. fxe4 e5 5. Nf3 exd4 6. Bc4 Nf6 7. 0-0 Be7 8. Ng5 0-0 9. Nxf7 Rxf7 10. Bxf7+ Kxf7 11. e5 Kg8 12. exf6 Bxf6 13. c3 c5 14. Qb3+ Kh8 15. Qf7 Qg8 16. Qxg8+ Kxg8 17. cxd4 cxd4 18. Nd2 Nc6 19. Ne4 Be7 20. Bg5 Bb4 21. a3 Bf8 22. Rad1 Bg4 23. Rd2 Re8 24. Rf4 Bh5 25. Ng3 Bg6 26. Re2 Rxe2 27. Nxe2 d3 28. Nc3 Bc5+ 29. Kf1 Nd4 30. b4 Bb6 31. Nd5 Nf5 32. Nxb6 axb6 33. Rc4 h6 34. Bf4 Ne7 35. Ke1 Nd5 36. Rd4 Nf6 37. Be5 Ne4 38. Rd8+ Kf7 39. Rb8 Ke6 40. Bg3 Nf6 41. Rxb7 Kf5 42. Rxb6 Ne4 43. Rxg6 Kxg6 44. a4 Kf5 45. a5 Nf6 46. a6 Nd5 47. a7 1-0

[Event "GER-chT North U16"]
[Site "Berlin"]
[Date "2012.09.08"]
[Round "5.2"]
[White "Finke, Maurice"]
[Black "Spaet, Alexander"]
[Result "1-0"]
[WhiteElo "1836"]
[BlackElo "1839"]
[PlyCount "89"]
[EventDate "2012.09.06"]
[EventType "team-swiss"]
[EventRounds "7"]
[EventCountry "GER"]
[SourceTitle "EXT 2015"]
[Source "ChessBase"]
[SourceDate "2014.11.20"]
[SourceVersion "1"]
[SourceVersionDate "2014.11.20"]
[SourceQuality "1"]
[WhiteTeam "Wildeshausen"]
[BlackTeam "Hamburg Koenigsspringer"]
[WhiteTeamCountry "GER"]
[BlackTeamCountry "GER"]

1. d4 d5 2. c4 c6 3. Nc3 e6 4. e3 f5 5. Qc2 Nf6 6. Bd3 Bd6 7. cxd5 cxd5 8. Nb5 0-0 9. Nxd6 Qxd6 10. Nf3 Nc6 11. a3 Ne4 12. 0-0 Kh8 13. b4 Bd7 14. b5 Ne7 15. Ne5 Rac8 16. Qb2 Ng6 17. Nxg6+ hxg6 18. f3 Nf6 19. Bd2 Qb8 20. Bb4 Rfe8 21. Rfc1 Kh7 22. a4 Rh8 23. Qa3 Rxc1+ 24. Rxc1 g5 25. Bd6 Qe8 26. Rc7 g4 27. f4 Qh5 28. g3 Kg6 29. Qb2 Qh3 30. Be5 Rc8 31. Bxf6 Rxc7 32. Bh4 a6 33. b6 Rc4 34. Bf1 Qxf1+ 35. Kxf1 Bxa4 36. Ke1 Rc2 37. Qb4 Rc1+ 38. Kd2 Ra1 39. Qe7 Ra2+ 40. Kd3 Bb5+ 41. Kc3 a5 42. Qxe6+ Kh7 43. Qxf5+ Kh8 44. Qh5+ Kg8 45. Qxd5+ 1-0

[Event "GER-chT North U16"]
[Site "Berlin"]
[Date "2012.09.08"]
[Round "6.2"]
[White "Spaet, Alexander"]
[Black "Pommerenke, Birger"]
[Result "1-0"]
[WhiteElo "1839"]
[BlackElo "1814"]
[PlyCount "53"]
[EventDate "2012.09.06"]
[EventType "team-swiss"]
[EventRounds "7"]
[EventCountry "GER"]
[SourceTitle "EXT 2015"]
[Source "ChessBase"]
[SourceDate "2014.11.20"]
[SourceVersion "1"]
[SourceVersionDate "2014.11.20"]
[SourceQuality "1"]
[WhiteTeam "Hamburg Koenigsspringer"]
[BlackTeam "Luebeck"]
[WhiteTeamCountry "GER"]
[BlackTeamCountry "GER"]

1. e4 c5 2. Nf3 d6 3. d4 cxd4 4. Nxd4 Nf6 5. Nc3 g6 6. Be3 Bg7 7. f3 0-0 8. Qd2 Nc6 9. Bc4 Bd7 10. 0-0-0 Rc8 11. Bb3 Ne5 12. h4 h5 13. Kb1 Nc4 14. Bxc4 Rxc4 15. g4 Qa5 16. Nb3 Qa6 17. Bh6 Rfc8 18. Bxg7 Kxg7 19. Rdg1 b5 20. gxh5 Nxh5 21. Qg5 Kh7 22. Qxe7 Be6 23. Rxg6 Kxg6 24. Qg5+ Kh7 25. Rg1 R4c5 26. Nxc5 Rxc5 27. Qg8+ 1-0